000 00386nam a22001337a 4500
008 230626b xxu||||| |||| 00| 0 eng d
020 _a0435973703
082 _a330.9
_bKIL 1978
100 _cTony Killick
245 _aDevelopment Economics in Action
_bA Study of Economics in Action
260 _aLondon
_bHeinemann Educational Books Ltd
_c1978
300 _aXIII,391p
942 _2ddc
_cBK
999 _c2651
_d2651